Kimiya-I-Saadat (Record no. 2196)

MARC details
000 -LEADER
fixed length control field 00581nam a2200241 a 4500
020 ## - INTERNATIONAL STANDARD BOOK NUMBER
ISBN
082 00 - DEWEY DECIMAL CLASSIFICATION NUMBER
Classification number 297.5
Author Cutter ABU2
100 ## - MAIN ENTRY--AUTHOR NAME
Author name Abu Talib, Mirza
245 ## - TITLE STATEMENT
Title Kimiya-I-Saadat
260 ## - PUBLICATION, DISTRIBUTION, ETC. (IMPRINT)
Place of publication London
Name of publisher No Publisher
Year of publication 1894
300 ## - PHYSICAL DESCRIPTION
Number of Pages 336p
500 ## - GENERAL NOTE
General note includes index and biblioraphy
505 2# - FORMATTED CONTENTS NOTE
Formatted contents note 4 parts in to bindings
650 ## - SUBJECT ADDED ENTRY--TOPICAL TERM
Topical Term Islam-Moral Theology
942 ## - ADDED ENTRY ELEMENTS (KOHA)
Koha item type Books
700 1# -
-- Abu Talib, Mirza
Holdings
Home library Current library Date acquired Cost, normal purchase price Full call number Accession Number Koha item type
Henry Martyn Institute Library Henry Martyn Institute Library 07/03/2007 100.00 297.5 ABU2 230 Archive Book
                   Copyright © 2026 | Henry Martyn Institute | Hyderabad | TS-500052 | INDIA | Implemented by hmi.edu.in
Hit-Count:

Powered by Koha